Statistics for Countries States Capitals Elements Words - ending with H

Click here to take the quiz!

General Stats

  • This quiz has been taken 260 times
  • The average score is 5 of 8

Answer Stats

ANSWER% Correct
Bangladesh
77%
Utah
66%
Riyadh
61%
With
56%
Bismuth
54%
Phnom Penh
54%
Which
52%
Raleigh
39%

Score Distribution

Percentile by Number Answered

Percent of People with Each Score

Your Score History

You have not taken this quiz